| 000 | 01665nam a2200313Ia 4500 | ||
|---|---|---|---|
| 003 | OSt | ||
| 005 | 20210804164640.0 | ||
| 008 | 210310t2007 sp ad fr 000 0 spa d | ||
| 020 | _a9788484569305 | ||
| 040 |
_aCO-JMCR _cCO-JMCR |
||
| 041 | 0 | _aspa | |
| 082 | 0 | 4 |
_a332.632 / _bC169d _223 |
| 100 | 1 |
_aCalvo, José Luis, _916753 _ecoordinador |
|
| 245 | 1 | 0 |
_aDinero y banca : _bmanual de mercados financieros / _ccoordinadores, José Luis Calvo y José Antonio Martínez ; con prólogo de José Barea |
| 260 |
_aValencia : _bTirant lo Blanch, _c©2007 |
||
| 300 |
_a418 páginas : _bilustraciones y gráficas a blanco y negro ; _c24 cm. |
||
| 490 | 0 | _aManuales | |
| 500 | _aIncluye notas a pie de página y glosario. | ||
| 504 | _aBibliografía: páginas[417]-418 | ||
| 505 | 0 | _aEl sistema financiero en perspectiva -- Liquidez, rendimiento y riesgo de los instrumentos financieros -- La estructura financiera española -- Los servicios bancarios I: operaciones de pasivos -- Fondos de inversión -- Servicios bancarios III: Operaciones de activo de las entidades financieras -- Servicios bancarios III: Los préstamos hipotecarios -- El mercado de divisas y los euromercados -- Introducción a la Bolsa de Valores -- Otros mercados financieros -- La política monetaria en España | |
| 650 | 1 | 4 |
_aMercado financiero _916755 _zEspaña |
| 650 | 2 | 4 |
_aPolítica monetaria _zEspaña _939077 |
| 650 | 2 | 4 |
_aBancos _zEspaña _938770 |
| 650 | 2 | 4 |
_aCuestión monetaria _zEspaña _939078 |
| 650 | 2 | 4 |
_aBolsa de valores _zEspaña _939079 |
| 700 | 1 |
_aMartínez, José Antonio, _ecoordinador _939080 |
|
| 700 | 1 |
_aBarea, José, _eprologuista _939081 |
|
| 942 |
_2ddc _cBK |
||
| 999 |
_c8252 _d8252 |
||